000 01079nam a2200241Ia 4500
999 _c37040
_d37040
003 GCL
005 20240530103128.0
008 140319s1992 sy fr 001 0 ara d
040 _aGCL /
_cGCL
082 0 4 _a953.07393/
_bأ ع
100 1 _aابوشامة، شهاب الدين ابوالقاسم
245 1 0 _aعيون الروضتين فى اخبار الدولتين :
_bالنورية والصلاحية .
_nالقسم الثانى/
_cتاليف شهاب الدين عبدالرحمن بن اسماعيل المقدسى ؛ حققة احمد البسيومى
260 _aدمشق :
_bوزارة الثقافة،
_c1992
300 _a374 ص ؛
_c24 سم
490 0 _aاحياء التراث العربى ؛
_v90.
504 _aيشتمل على كشاف
650 0 7 _2qrmak
_aالاحوال السياسية
650 0 7 _2qrmak
_aالحروب الصليبية
_xمصر
650 0 7 _2qrmak
_aالدولة الايوبية
_zمصر
650 0 7 _2qrmak
_aالدولة الايوبية
_zالشام
700 0 _aاحمد البيسومى
_eتحقيق
942 _2ddc
_cBK